CS:GO Player Aliases #2 - Statistics

General Stats
  • This quiz has been taken 3,568 times
  • The average score is 14 of 20
Answer Stats
Name Alias % Correct
Nikola Kovac NiKo
98%
Tarik Celik tarik
93%
Gabriel Toledo FalleN
88%
Nicolai Reedtz device
86%
Jesper Wecksell JW
86%
Håvard Nygaard rain
83%
Emil Reif Magisk
80%
Richard Papillon shox
79%
Owen Butterfield Smooya
76%
Russel van Dulken Twistzz
74%
Aleksi Jalli allu
73%
Filip Kubski NEO
71%
Tyler Latham Skadoodle
71%
Dan Madesclaire apEX
66%
Tomáš Šťastný oskar
66%
Denis Sharipov electronic
65%
Johannes Wodarz tabseN
46%
Jere Salo sergej
44%
Hansel Ferdinand BnTeT
38%
Noah Francis Nifty
36%
No matching quizzes found
Score Distribution
Percent of People with Each Score
Percentile by Number Answered
Your Score History
You have not taken this quiz